| 000 | 00998cam a2200313Ma 4500 | ||
|---|---|---|---|
| 001 | 44215 | ||
| 005 | 20230410120726.0 | ||
| 008 | 930906s1976 sp f 000 0 spa d | ||
| 035 | _a(OCoLC)ocm48304880 | ||
| 040 |
_aEL$ _bspa _cEL$ _dOCLCQ |
||
| 020 | _a8429711821 | ||
| 020 | _a9788429711820 | ||
| 035 | _a(OCoLC)48304880 | ||
| 041 | 1 |
_aspa _hfre |
|
| 050 | 1 | 4 |
_aHT 153 _bL489e 1976 |
| 100 | 1 |
_aLefebvre, Henri, _d1901-1991. |
|
| 245 | 1 | 0 |
_aEspacio y política / _cHenri Lefebvre ; Traducción de Janine Muls de Liarás y Jaime Liarás García. |
| 260 |
_aBarcelona : _bPeninsula, _c1976. |
||
| 300 |
_a157 p. ; _c20 cm. |
||
| 440 | 0 |
_aSerie Universitaria _pHistoria, ciencia, sociedad ; _v128 |
|
| 500 | _aEl autor presenta esta obra como la segunda parte de: El derecho a la ciudad. | ||
| 650 | 0 | _aCities and towns. | |
| 650 | 4 | _aUrbanización. | |
| 650 | 4 | _aPolítica urbana. | |
| 740 | 0 | 1 | _aEl derecho a la ciudad. |
| 942 |
_2lcc _cbk |
||
| 946 | _amfcruz | ||
| 994 |
_aC0 _bDRFGD |
||
| 999 |
_c50632 _d50632 |
||